| 000 | 00658nam a22002057a 4500 | ||
|---|---|---|---|
| 999 |
_c157140 _d157140 |
||
| 005 | 20180918114028.0 | ||
| 010 | _aENG-123986 | ||
| 020 |
_a9780199470778 _c995.00 |
||
| 035 | _aEN-107518 | ||
| 037 | _bDBAD/PUB | ||
| 082 | _a616.610654 | ||
| 100 | _aSaxena, Anita | ||
| 245 |
_aHandbook of nutrition in kidney disease / _cby Anita Saxena |
||
| 260 |
_aNew Delhi _bOxford University Press _c2018 |
||
| 270 |
_bNew Delhi _e110002 _a2/11 Ground Floor, Ansari Road, Daryaganj, |
||
| 300 |
_axxvi,472p _c20cm.(pbk.) _bill. |
||
| 490 | _aOxford Clinical Practice Series | ||
| 500 | _aIt includes index | ||
| 942 |
_2ddc _cEN _h616.610654 _mSAX |
||